Rôzne formy správania sa nezamestnaných občanov (uchádzačov o zamestnanie) v ČSFR na trhu práce.

Výsledky empirického výskumu správania sa nezamestnaných občanov, ktorý sa uskutočnil v apríli 1991. Osobná aktivita, resp. svojpomocné riešenie pri hľadaní zamestnania. Posúdenie úrovne fungovania úradov práce. Problémové skupiny uchádzačov o zamestnanie.

Salvato in:
Dettagli Bibliografici
Autore principale: Hrončeková, J.
Natura: Capitolo di libro
Lingua:slovacco
Soggetti:
Tags: Aggiungi Tag
Nessun Tag, puoi essere il primo ad aggiungerne!!

MARC

LEADER 00000naa a2200000 4500
001 r006435
005 20221125081037.0
041 0 |a slo 
044 |a [CS] 
245 1 0 |a Rôzne formy správania sa nezamestnaných občanov (uchádzačov o zamestnanie) v ČSFR na trhu práce.  |c J. Hrončeková 
520 |a Výsledky empirického výskumu správania sa nezamestnaných občanov, ktorý sa uskutočnil v apríli 1991. Osobná aktivita, resp. svojpomocné riešenie pri hľadaní zamestnania. Posúdenie úrovne fungovania úradov práce. Problémové skupiny uchádzačov o zamestnanie. 
610 2 0 |a nezamestnanosť 
610 2 0 |a trh práce 
610 2 0 |a úrady práce 
610 2 0 |a výskum 
610 2 0 |a 1991 
610 2 0 |a ČSFR 
100 1 |a Hrončeková, J.